Central Library OPAC University of Rajshahi

Multitype branching processes : (Record no. 7221)

MARC details
000 -LEADER
fixed length control field 00958cam a2200289 4500
001 - CONTROL NUMBER
control field 7221
003 - CONTROL NUMBER IDENTIFIER
rucl marc code BD-RjUL
005 - DATE AND TIME OF LATEST TRANSACTION
control field 20211208234400.0
008 - FIXED-LENGTH DATA ELEMENTS--GENERAL INFORMATION
fixed length control field 130114s1971 nyu b 001 0 eng
020 ## - INTERNATIONAL STANDARD BOOK NUMBER
International Standard Book Number 0444000860
035 ## - SYSTEM CONTROL NUMBER
System control number (BD-RjUL)7263
040 ## - CATALOGING SOURCE
Original cataloging agency DLC
Transcribing agency DLC
Modifying agency DLC
-- BD-RjUL
Language of cataloging eng
041 ## - LANGUAGE CODE
Language code of text/sound track or separate title eng
082 00 - DEWEY DECIMAL CLASSIFICATION NUMBER
Classification number 519.234
Edition number 19
Author mark and year MOM 1971
100 1# - MAIN ENTRY--PERSONAL NAME
Personal name Mode, Charles J.,
Dates associated with a name 1927-
9 (RLIN) 22588
245 10 - TITLE STATEMENT
Title Multitype branching processes :
Remainder of title theory and applications /
Statement of responsibility, etc. Charles J. Mode.
260 ## - PUBLICATION, DISTRIBUTION, ETC. (IMPRINT)
Place of publication, distribution, etc. New York :
Name of publisher, distributor, etc. American Elsevier Pub. Co.,
Date of publication, distribution, etc. c1971.
300 ## - PHYSICAL DESCRIPTION
Pagination xx, 330 p. ;
Size 24 cm.
490 1# - SERIES STATEMENT
Series statement Modern analytic and computational methods in science and mathematics,
Volume/sequential designation no. 34
504 ## - BIBLIOGRAPHY, ETC. NOTE
Bibliography, etc Bibliography: p. 318-324.
650 #0 - SUBJECT ADDED ENTRY--TOPICAL TERM
Topical term or geographic name as entry element Branching processes.
9 (RLIN) 21081
830 #0 - SERIES ADDED ENTRY--UNIFORM TITLE
Volume number/sequential designation v. 34.
Uniform title Modern analytic and computational methods in science and mathematics ;
942 ## - ADDED ENTRY ELEMENTS (KOHA)
Source of classification or shelving scheme Dewey Decimal Classification
Koha item type Books
Holdings
Lost status Source of classification or shelving scheme Damaged status Not for loan Permanent Location Current Location Shelving location Date acquired Source of acquisition Cost, normal purchase price Total Checkouts Full call number Date last seen Copy number Koha item type
  Dewey Decimal Classification   Not For Loan Central Library, University of Rajshahi Central Library, University of Rajshahi   17/04/1979 Netherland 0.00   519.234 MOM 1971 13/01/2014 C-1 Books